000 00324nam a2200121Ia 4500
008 220204s9999 xx 000 0 und d
020 _a0849357365
082 _a632.111.5
_bWAN
100 _aWang, Chien Yi
245 0 _aChilling injuiry of horticultural crops
260 _aBoca Raton, Florida
_cCRC Press;1990
942 _cBK
999 _c42359
_d42359